[Event "WCPL:Nidum-Cardiff"]
[Site "?"]
[Date "2016.01.03"]
[Round "3.3"]
[White "Thompson, Keith"]
[Black "Gibbons, Andrew"]
[Result "1/2-1/2"]
[WhiteElo "1795"]
[BlackElo "1935"]
[PlyCount "111"]
[EventDate "2016.??.??"]

1. e4 c5 2. Nc3 Nc6 3. g3 g6 4. Bg2 Bg7 5. d3 d6 6. f4 Nf6 7. Nf3 Bg4 8. h3
Bxf3 9. Bxf3 Nd4 10. O-O O-O 11. Bg2 Nd7 12. Nd5 Rb8 13. c3 Nc6 14. Kh2 b5 15.
Bd2 a5 16. g4 e6 17. Ne3 Ne7 18. Qe1 b4 19. Rb1 bxc3 20. Bxc3 Bxc3 21. bxc3
Rxb1 22. Qxb1 Qc7 23. Qc2 Rb8 24. Rb1 Rxb1 25. Qxb1 d5 26. Qf1 d4 27. cxd4 cxd4
28. Nc4 e5 29. f5 f6 30. Kh1 g5 31. Qb1 Nc5 32. Bf1 Qb7 33. Qxb7 Nxb7 34. Kg2
Nc6 35. a3 Kf7 36. Kf2 Ke7 37. Ke2 Nd6 38. Nb6 Nb5 39. Nc4 Nd6 40. Nb6 Na7 41.
Nd5+ Kf7 42. a4 Nc6 43. Kd2 Nb7 44. Be2 Nb4 45. Nxb4 axb4 46. Bd1 Ke7 47. Bb3
Kd6 48. Bd5 Nc5 49. a5 Kc7 50. Bc4 Kb7 51. Kc2 Ka7 52. Kb2 Kb7 53. Kc2 Kc6 54.
Kb2 Kc7 55. Kc2 Kc6 56. Kb2 1/2-1/2

[Event "WCPL:Nidum-Cardiff"]
[Site "?"]
[Date "2016.01.03"]
[Round "3.4"]
[White "Davies, Matthew"]
[Black "Fox, Chris"]
[Result "1-0"]
[WhiteElo "1945"]
[BlackElo "1732"]
[PlyCount "101"]
[EventDate "2016.??.??"]

1. c4 e5 2. g3 Nc6 3. Bg2 f5 4. Nc3 Nf6 5. d3 g6 6. e3 Bg7 7. Nge2 O-O 8. Rb1
d6 9. O-O Qe7 10. b4 Bd7 11. a4 Kh8 12. Qc2 Rae8 13. Nd5 Qd8 14. b5 Na5 15. Bd2
c6 16. Nxf6 Bxf6 17. Bb4 Qc7 18. Qc3 Bd8 19. f4 c5 20. Ba3 Bf6 21. Qc2 b6 22.
Nc3 Qc8 23. Bb2 Nb7 24. Nd5 Bg7 25. Bc3 Be6 26. Ra1 Bxd5 27. Bxd5 Nd8 28. a5
Ne6 29. axb6 axb6 30. fxe5 dxe5 31. Ra7 Nc7 32. Bc6 Re7 33. Rb7 Nd5 34. cxd5
Rxb7 35. Ra1 Rb8 36. Ra7 Bf6 37. Qb2 Re8 38. Qa1 Qd8 39. Rd7 Ra8 40. Qxa8 Qxa8
41. Bxa8 Rxa8 42. Rf7 Bg7 43. Rb7 Kg8 44. d6 Bh6 45. Kf2 e4 46. dxe4 fxe4 47.
h4 Bf8 48. d7 Be7 49. Rxb6 Rd8 50. Rb7 Kf7 51. Ba5 1-0

[Event "WCPL:Nidum-Cardiff"]
[Site "?"]
[Date "2016.01.03"]
[Round "3.5"]
[White "Sivarajasingam, Venetia"]
[Black "Moore, Robert"]
[Result "0-1"]
[WhiteElo "1556"]
[BlackElo "1813"]
[PlyCount "110"]
[EventDate "2016.??.??"]

1. e4 c6 2. d4 d5 3. Nc3 dxe4 4. Nxe4 Bf5 5. Ng3 Bg6 6. h4 h6 7. Nf3 Nd7 8. h5
Bh7 9. Bd3 Bxd3 10. Qxd3 Ngf6 11. Bf4 Nd5 12. Bd2 e6 13. O-O-O Qc7 14. Ne2 Bd6
15. c4 Nf4 16. Nxf4 Bxf4 17. Kb1 Bxd2 18. Qxd2 O-O-O 19. Qc3 Rhg8 20. Qa3 Kb8
21. d5 exd5 22. cxd5 cxd5 23. Rxd5 Nb6 24. Rc1 Qxc1+ 25. Kxc1 Rxd5 26. Qb3 Rc8+
27. Kb1 Rxh5 28. a3 Rh1+ 29. Ka2 Rf1 30. Qxf7 Rxf2 31. Qxg7 Rcc2 32. Qe5+ Ka8
33. Qh8+ Nc8 34. Nd4 Rc5 35. Qe8 Rxg2 36. Qf8 Rc7 37. Qd8 Rc1 38. Nf5 Kb8 39.
Qh8 Rcc2 40. Qe5+ Ka8 41. Ne3 Rxb2+ 42. Ka1 Rbe2 43. Qd5 Rg1+ 44. Nd1 Ree1 45.
Kb2 Rxd1 46. Qe6 Rg2+ 47. Kb3 Rc1 48. Qxh6 Rc6 49. Qf8 a6 50. Qd8 Ka7 51. Qd4+
Nb6 52. Qe5 Rg1 53. Qf5 Rg3+ 54. Kb4 Rc4+ 55. Ka5 Rxa3# 0-1

[Event "WCPL:Cardigan-White Knights;Tanygroes"]
[Site "?"]
[Date "2016.01.03"]
[Round "3.7"]
[White "Strugnell, Carl"]
[Black "Williams, A. Howard"]
[Result "0-1"]
[WhiteElo "2226"]
[BlackElo "2320"]
[PlyCount "56"]
[EventDate "2016.01.03"]
[EventRounds "7"]
[EventCountry "WLS"]

1. e4 e5 2. Nf3 Nc6 3. Bb5 Nf6 4. d3 Bc5 5. Bxc6 dxc6 6. Nbd2 Be6 7. O-O Bd6 8.
b3 O-O 9. Nc4 Bxc4 10. bxc4 Nd7 11. Bg5 f6 12. Be3 Nc5 13. Nh4 Ne6 14. Qg4 Qd7
15. Rab1 b6 16. Nf5 g6 17. d4 Kh8 18. Nh4 exd4 19. Bxd4 Rad8 20. Be3 Nd4 21.
Qd1 Bc5 22. Bh6 Rfe8 23. c3 Ne6 24. Qf3 Qe7 25. Rfe1 Ng5 26. Qf4 Nf7 27. Qc1
Ne5 28. Qc2 Ng4 0-1

[Event "WCPL:Cardigan-White Knights; Tanygroes"]
[Site "?"]
[Date "2016.01.03"]
[Round "3.8"]
[White "Jones, Iolo C"]
[Black "Young, Alan"]
[Result "1-0"]
[WhiteElo "2168"]
[BlackElo "2090"]
[PlyCount "63"]
[EventDate "2016.??.??"]

1. d4 d5 2. Nf3 Nf6 3. e3 Bg4 4. c4 dxc4 5. Bxc4 e6 6. Qb3 Bxf3 7. gxf3 c5 8.
dxc5 Bxc5 9. O-O O-O 10. Nc3 Qe7 11. Qc2 Nc6 12. Ne4 Ne5 13. Be2 Rac8 14. Nxf6+
Qxf6 15. Qe4 Bd6 16. Rd1 Bb8 17. Bd2 Qg5+ 18. Kf1 f5 19. Qxb7 Qh4 20. f4 Ng4
21. Bxg4 fxg4 22. Bc3 Rc7 23. Qe4 Qxh2 24. Qxe6+ Rcf7 25. Qxg4 h5 26. Qg5 Qh3+
27. Ke2 Qe6 28. Rg1 Qa6+ 29. Ke1 Bxf4 30. Qxg7+ Rxg7 31. Rxg7+ Kh8 32. Rxa7+
1-0

[Event "WCPL:Cardigan-White Knights;Tanygroes"]
[Site "?"]
[Date "2016.01.03"]
[Round "3.9"]
[White "Hewitt, William"]
[Black "Heap, Gerry"]
[Result "0-1"]
[WhiteElo "2045"]
[BlackElo "2084"]
[PlyCount "56"]
[EventDate "2016.01.03"]
[EventRounds "7"]
[EventCountry "WLS"]
[WhiteTeam "White Knights"]
[BlackTeam "Cardigan"]

1. d4 Nf6 2. c4 c5 3. e3 g6 4. Nc3 Bg7 5. Nf3 O-O 6. Be2 cxd4 7. exd4 d5 8. O-O
Nc6 9. h3 dxc4 10. Bxc4 Na5 11. Bd3 Be6 12. Qe2 Rc8 13. Rd1 Nc6 14. Be3 Nb4 15.
Ng5 Bd5 16. Nxd5 Nfxd5 17. Bc4 Nxe3 18. fxe3 Nd5 19. Bxd5 Qxd5 20. Nf3 Rc7 21.
e4 Qa5 22. d5 Qb6+ 23. Kh1 Rfc8 24. e5 Rc2 25. Qe4 Qf2 26. Nd4 Rxb2 27. Rf1 Qg3
28. Rae1 Bxe5 0-1

[Event "WCPL:Cardigan-White Knights; Tanygroes"]
[Site "online arena"]
[Date "2016.01.03"]
[Round "3.10"]
[White "Van Kemenade, Rudy"]
[Black "Garcia, Jason"]
[Result "0-1"]
[WhiteElo "1964"]
[BlackElo "2028"]
[PlyCount "114"]
[EventDate "2015.??.??"]

1. e4 d5 2. Nf3 dxe4 3. Ng5 Nf6 4. Bc4 e6 5. Nc3 Be7 6. O-O O-O 7. Re1 Nc6 8.
Ncxe4 Nxe4 9. Nxe4 Ne5 10. Bf1 Nd7 11. d4 Nf6 12. Ng5 Bd7 13. Re3 h6 14. Nf3 c5
15. Ne5 cxd4 16. Qxd4 Bc6 17. Nxc6 bxc6 18. Qxd8 Rfxd8 19. Bd3 Bc5 20. Rg3 Ne4
21. Be3 Nxg3 22. Bxc5 Nf5 23. Be4 Nd6 24. Bf3 Nc4 25. b4 Ne5 26. Bd1 Rd5 27. f4
Nd7 28. Be3 Nb6 29. Bf3 Rd6 30. b5 Nd5 31. Bc5 Rdd8 32. c4 Nxf4 33. Bxc6 Rac8
34. Bxa7 Rd2 35. Be3 Ne2+ 36. Kf1 Rc2 37. Bf3 Nc3 38. b6 Rxc4 39. b7 Rb2 40.
Ba7 Rcb4 41. Rc1 Rxb7 42. Bd4 Rb1 43. Bxb7 Rxc1+ 44. Kf2 Nxa2 45. Bf3 Nb4 46.
Be3 Rc2+ 47. Kg3 Nd5 48. Bd4 Nc3 49. Bb6 e5 50. h4 g6 51. h5 e4 52. Bg4 f5 53.
Bh3 Ne2+ 54. Kh2 Nf4 55. hxg6 Nxh3 56. Kxh3 Kg7 57. Bd4+ Kxg6 0-1

[Event "WCPL:Cardigan-White Knights;Tanygroes"]
[Site "?"]
[Date "2016.01.03"]
[Round "3.11"]
[White "Bevan, Peter M"]
[Black "Haigh, Tony"]
[Result "1-0"]
[WhiteElo "2011"]
[BlackElo "1813"]
[PlyCount "89"]
[EventDate "2016.01.03"]
[EventRounds "7"]
[EventCountry "WLS"]

1. c4 Nf6 2. g3 e6 3. Nf3 d5 4. Bg2 Be7 5. b3 O-O 6. O-O c5 7. e3 Nc6 8. Re1
Rb8 9. Bb2 dxc4 10. bxc4 Nb4 11. d4 cxd4 12. exd4 b6 13. Ne5 Nd7 14. d5 Nxe5
15. Bxe5 Bd6 16. Bxd6 Qxd6 17. a3 Na6 18. dxe6 Qxd1 19. exf7+ Rxf7 20. Rxd1 Be6
21. Bd5 Nc7 22. Nc3 Nxd5 23. cxd5 Bg4 24. Re1 Rc8 25. Rac1 Rfc7 26. Na2 Rxc1
27. Rxc1 Rxc1+ 28. Nxc1 Bf3 29. d6 Kf7 30. Nb3 a5 31. Nd4 Bg4 32. f3 Bd7 33.
Kf2 Be6 34. Ke3 Bd5 35. Kf4 Kf6 36. h4 g6 37. g4 h6 38. g5+ hxg5+ 39. hxg5+ Kf7
40. Ke5 Bb7 41. f4 Bg2 42. Ne6 Ke8 43. f5 gxf5 44. g6 Bc6 45. Kf6 1-0

[Event "WCPL:EG Nomads-Abergavenny"]
[Site "Aberkenfig Social Club"]
[Date "2016.01.03"]
[Round "3.13"]
[White "Robinson, David"]
[Black "Zeidler, Sven P"]
[Result "0-1"]
[WhiteElo "1907"]
[BlackElo "2166"]
[PlyCount "60"]
[EventDate "2015.??.??"]

1. d4 f5 2. Nf3 Nf6 3. Bf4 d6 4. e3 e6 5. c4 Be7 6. Nc3 O-O 7. Be2 Nh5 8. h4
Nxf4 9. exf4 Nd7 10. Qd2 Nf6 11. O-O-O a6 12. Kb1 Rb8 13. d5 b5 14. dxe6 b4 15.
Nd5 Bxe6 16. Nxf6+ Bxf6 17. Ng5 Qd7 18. Nxe6 Qxe6 19. Qd5 Qxd5 20. Rxd5 Rfe8
21. Bf3 b3 22. a3 g6 23. g3 Rb6 24. Rhd1 c5 25. h5 Bd4 26. hxg6 hxg6 27. g4
fxg4 28. Bxg4 Re4 29. f3 Re2 30. R5xd4 cxd4 0-1

[Event "WCPL:EG Nomads-Abergavenny"]
[Site "Aberkenfig Social Club"]
[Date "2016.01.03"]
[Round "3.14"]
[White "Morris, Charles F"]
[Black "Christmas, Steve"]
[Result "1-0"]
[WhiteElo "2141"]
[BlackElo "1932"]
[PlyCount "53"]
[EventDate "2015.??.??"]

1. c4 e6 2. g3 Nf6 3. Bg2 d5 4. Nf3 Be7 5. O-O Nbd7 6. b3 O-O 7. Bb2 dxc4 8.
bxc4 Nb6 9. d3 Nfd7 10. Nc3 Bf6 11. Rb1 c6 12. Qc2 Ne5 13. Nd2 Qe7 14. Nce4 Ng4
15. Nxf6+ Nxf6 16. d4 Nbd7 17. Qc3 Re8 18. f4 a5 19. Ba3 Qd8 20. e4 h6 21. e5
Nh7 22. Ne4 f5 23. Nd6 g5 24. d5 b5 25. dxc6 b4 26. Qd4 Nb6 27. c7 1-0

[Event "WCPL:EG Nomads-Abergavenny"]
[Site "Aberkenfig Social Club"]
[Date "2016.01.03"]
[Round "3.15"]
[White "Bridges, Paul"]
[Black "Spencer, Douglas"]
[Result "1/2-1/2"]
[WhiteElo "1839"]
[BlackElo "2017"]
[PlyCount "41"]
[EventDate "2015.??.??"]

1. e4 e5 2. Nf3 Nf6 3. Nc3 Bb4 4. d3 Nc6 5. a3 Bxc3+ 6. bxc3 d5 7. exd5 Qxd5 8.
c4 Qd6 9. Bb2 O-O 10. Be2 Re8 11. O-O Nd4 12. Nxd4 exd4 13. Bf3 c5 14. Re1
Rxe1+ 15. Qxe1 Bg4 16. Qd1 Qf4 17. Bc1 Qf5 18. Bxg4 Nxg4 19. f3 Nf6 20. Bd2 Re8
21. Qf1 1/2-1/2

[Event "WCPL:EG Nomads-Abergavenny"]
[Site "Aberkenfig Social Club"]
[Date "2016.01.03"]
[Round "3.16"]
[White "Waterfield, John W"]
[Black "James, Dai"]
[Result "1/2-1/2"]
[WhiteElo "1913"]
[BlackElo "1923"]
[PlyCount "79"]
[EventDate "2015.??.??"]

1. e4 e6 2. d4 d5 3. Nc3 dxe4 4. Nxe4 Nd7 5. Bd3 Ngf6 6. Qe2 Be7 7. Nf3 Nxe4 8.
Bxe4 O-O 9. c3 Nf6 10. Bc2 b6 11. O-O Bb7 12. Bg5 h6 13. Bh4 Re8 14. Ne5 Nd7
15. Bg3 Nxe5 16. Bxe5 Bf6 17. Rad1 Bxe5 18. dxe5 Qg5 19. f4 Qe7 20. Qd3 g6 21.
Qg3 Kh7 22. h4 h5 23. Rd4 Red8 24. Rfd1 Rxd4 25. Rxd4 Rd8 26. Qg5 Qxg5 27. hxg5
Rxd4 28. cxd4 Kg7 29. g3 Kf8 30. Kf2 Ke7 31. Ke3 Kd7 32. a3 Bg2 33. b4 c6 34.
Kd2 b5 35. a4 a6 36. Kc3 Bh3 37. axb5 axb5 38. Be4 Bg4 39. Bg2 Bf5 40. Bf3
1/2-1/2

[Event "WCPL:EG Nomads-Abergavenny"]
[Site "Aberkenfig Social Club"]
[Date "2016.01.03"]
[Round "3.17"]
[White "Dineen, Robert"]
[Black "Miles, Richard"]
[Result "1/2-1/2"]
[WhiteElo "1823"]
[BlackElo "1951"]
[PlyCount "58"]
[EventDate "2015.??.??"]

1. c4 Nf6 2. g3 g6 3. Bg2 Bg7 4. Nc3 c5 5. Nf3 d5 6. cxd5 Nxd5 7. O-O O-O 8.
Qb3 e6 9. d3 Nc6 10. Bd2 b6 11. Nxd5 exd5 12. Bg5 f6 13. Ne5 Nxe5 14. Qxd5+
Qxd5 15. Bxd5+ Nf7 16. Bxa8 Nxg5 17. Bd5+ Kh8 18. Rac1 Rd8 19. Bg2 Ne6 20. e3
f5 21. d4 cxd4 22. exd4 Bxd4 23. Rfd1 Ba6 24. Bf1 Bxf1 25. Kxf1 Kg7 26. b3 Kf7
27. Rc4 a5 28. Rc6 Re8 29. Rxe6 Rxe6 1/2-1/2

[Event "WCPL:EG Nomads-Abergavenny"]
[Site "Aberkenfig Social Club"]
[Date "2016.01.03"]
[Round "3.18"]
[White "Owen, Andrew"]
[Black "Hurn, Robert AJ"]
[Result "1-0"]
[WhiteElo "1967"]
[BlackElo "1655"]
[PlyCount "59"]
[EventDate "2015.??.??"]

1. e4 c5 2. d4 cxd4 3. c3 dxc3 4. Nxc3 Nc6 5. Nf3 e6 6. Bc4 Qc7 7. O-O Nf6 8.
Nb5 Qb8 9. e5 a6 10. exf6 axb5 11. fxg7 Bxg7 12. Bxb5 Ra5 13. Qb3 b6 14. Bd2
Ra7 15. Rac1 Bb7 16. Be3 Ba8 17. Rfd1 Rg8 18. Qd3 f5 19. Qc4 Qb7 20. Rd6 Ke7
21. Bxc6 Qb8 22. Bg5+ Bf6 23. Bxf6+ Kxf6 24. Qd4+ Ke7 25. Rxd7+ Rxd7 26. Qxd7+
Kf6 27. Bxa8 Qxa8 28. Qd4+ Ke7 29. Rc7+ Kf8 30. Qd6+ 1-0

[Event "WCPL:White Knights-Nidum"]
[Site "?"]
[Date "2016.01.24"]
[Round "4.1"]
[White "Saunders, Robert"]
[Black "Young, Alan"]
[Result "1/2-1/2"]
[WhiteElo "2072"]
[BlackElo "2090"]
[PlyCount "74"]
[EventDate "2016.01.24"]
[EventCountry "WLS"]
[WhiteTeam "Nidum"]
[BlackTeam "White Knights"]

1. e4 e5 2. Nf3 Nc6 3. Bb5 a6 4. Ba4 Nf6 5. O-O Be7 6. Bxc6 dxc6 7. Qe1 Nd7 8.
b3 O-O 9. Bb2 Bd6 10. d3 f6 11. a4 Nc5 12. Nbd2 Ne6 13. Nc4 Qe8 14. Nxd6 cxd6
15. Kh1 Qh5 16. Qe3 f5 17. exf5 Nf4 18. Ng1 Bxf5 19. f3 Qg6 20. Rf2 Rae8 21. g3
Nd5 22. Qd2 Rf7 23. Raf1 Nc7 24. Qb4 b5 25. Qh4 d5 26. g4 Bc8 27. h3 c5 28. Qg3
d4 29. Bc1 Bb7 30. Kh2 Nd5 31. Bd2 Qc6 32. axb5 axb5 33. Re1 Rfe7 34. Rfe2 Nf4
35. Bxf4 exf4 36. Qxf4 Rxe2+ 37. Rxe2 Rxe2+ 1/2-1/2

[Event "WCPL:White Knights-Nidum"]
[Site "?"]
[Date "2016.01.24"]
[Round "4.2"]
[White "Garcia, Jason"]
[Black "Gibbons, Andrew"]
[Result "1-0"]
[WhiteElo "2028"]
[BlackElo "1935"]
[PlyCount "85"]
[EventDate "2016.01.24"]
[EventCountry "WLS"]
[WhiteTeam "White Knights"]
[BlackTeam "Nidum"]

1. e4 c5 2. Nf3 g6 3. d4 Bg7 4. dxc5 Qa5+ 5. Nc3 Qxc5 6. Bd3 d6 7. O-O Nf6 8.
h3 O-O 9. Be3 Qa5 10. Qd2 Nc6 11. a3 Bd7 12. Bh6 Bxh6 13. Qxh6 Qh5 14. Qe3 Qc5
15. Qd2 Ne5 16. Nxe5 Qxe5 17. f4 Qd4+ 18. Kh2 Bc6 19. Qe2 d5 20. e5 Ne4 21.
Bxe4 dxe4 22. Rad1 Qb6 23. b4 a6 24. Nxe4 a5 25. f5 axb4 26. f6 Bxe4 27. Qxe4
exf6 28. Rxf6 Qc7 29. axb4 Rac8 30. Rd2 Rfe8 31. Rfd6 Re7 32. Qd4 Rce8 33. Re2
Re6 34. Rd7 Qb8 35. Qd5 b6 36. Rf2 f6 37. Rxf6 Qxe5+ 38. Qxe5 Rxe5 39. Rxb6 Re2
40. c4 Rc2 41. c5 g5 42. c6 h5 43. c7 1-0

[Event "WCPL:White Knights-Nidum"]
[Site "?"]
[Date "2016.01.24"]
[Round "4.3"]
[White "Davies, Matthew"]
[Black "Hewitt, William"]
[Result "1/2-1/2"]
[WhiteElo "1945"]
[BlackElo "2045"]
[PlyCount "88"]
[EventDate "2016.01.24"]
[EventCountry "WLS"]
[WhiteTeam "Nidum"]
[BlackTeam "White Knights"]

1. d4 Nf6 2. c4 g6 3. Nc3 d5 4. cxd5 Nxd5 5. e4 Nxc3 6. bxc3 Bg7 7. Be3 c5 8.
Nf3 Qa5 9. Qd2 O-O 10. Rb1 cxd4 11. cxd4 Qxd2+ 12. Nxd2 e6 13. Bc4 Nc6 14. d5
Na5 15. dxe6 Nxc4 16. e7 Re8 17. Nxc4 Be6 18. Nd6 Rxe7 19. O-O Bxa2 20. Rxb7
Rxb7 21. Nxb7 a5 22. f4 a4 23. e5 Bd5 24. Nd6 a3 25. Bd4 Ra4 26. Bc3 a2 27. Ne8
Bc4 28. Ra1 Ra3 29. Bb2 Ra4 30. Nxg7 Kxg7 31. e6+ Kf8 32. exf7 Kxf7 33. Re1 Bd3
34. g3 Rc4 35. Ba1 Rc2 36. g4 h5 37. gxh5 gxh5 38. Be5 Kg6 39. Re3 Rc1+ 40. Kf2
Bf5 41. Ra3 Be6 42. Kg3 Rc2 43. Ra6 Kf5 44. Ra5 h4+ 1/2-1/2

[Event "WCPL:White Knights-Nidum"]
[Site "?"]
[Date "2016.01.24"]
[Round "4.4"]
[White "Bevan, Peter M"]
[Black "Moore, Robert"]
[Result "1-0"]
[WhiteElo "2011"]
[BlackElo "1813"]
[PlyCount "53"]
[EventDate "2016.01.24"]
[EventCountry "WLS"]
[WhiteTeam "White Knights"]
[BlackTeam "Nidum"]

1. c4 c6 2. Nf3 d5 3. b3 Bf5 4. e3 e6 5. Bb2 Nf6 6. Be2 Be7 7. O-O O-O 8. d3 h6
9. Nbd2 Nbd7 10. Qc2 Rc8 11. h3 Ne8 12. e4 dxe4 13. dxe4 Bg6 14. Qc3 Bf6 15. e5
Be7 16. Rad1 Qc7 17. Rfe1 a5 18. a3 Nc5 19. Bf1 b6 20. Ba1 Rd8 21. Nd4 Qb7 22.
Qf3 Rc8 23. b4 axb4 24. axb4 Na6 25. b5 Nb8 26. Ne4 cxb5 27. Nf6+ 1-0

[Event "WCPL:The Vale-Cardigan"]
[Site "?"]
[Date "2016.01.24"]
[Round "4.7"]
[White "Williams, A. Howard"]
[Black "Davis, Lee"]
[Result "1-0"]
[WhiteElo "2320"]
[BlackElo "2002"]
[PlyCount "111"]
[EventDate "2016.01.24"]
[EventCountry "WLS"]

1. d4 Nf6 2. c4 g6 3. Nc3 Bg7 4. Nf3 d6 5. e4 O-O 6. Be2 e5 7. O-O exd4 8. Nxd4
Nc6 9. Nc2 Re8 10. f3 Be6 11. Bg5 h6 12. Be3 Qd7 13. Qd2 Kh7 14. Rad1 a6 15. b3
Rad8 16. Nd5 Bxd5 17. cxd5 Ne7 18. Bd4 Neg8 19. Ne3 Nh5 20. Bxg7 Nxg7 21. Rc1
Re7 22. Rc3 Qe8 23. Rfc1 Rdd7 24. Kf2 Qf8 25. Bd3 Ne8 26. Bf1 Qg7 27. g3 Ngf6
28. Rc4 h5 29. Bh3 Rd8 30. Kg2 Qh6 31. Nf1 Qxd2+ 32. Nxd2 Nxd5 33. Rd4 Nb6 34.
Kf2 Nd7 35. f4 Ndf6 36. Kf3 Rb8 37. Re1 b5 38. Rc1 c5 39. Rd3 Rb6 40. Re3 Nc7
41. Rd3 Ne6 42. Bxe6 Rxe6 43. h3 Kg7 44. g4 hxg4+ 45. hxg4 Re8 46. g5 Ng8 47.
Nf1 f6 48. Ne3 fxg5 49. fxg5 Ne7 50. Rcd1 Nc6 51. Rxd6 Nd4+ 52. R1xd4 cxd4 53.
Rxb6 dxe3 54. Kxe3 Re5 55. Kf4 Rc5 56. Rxa6 1-0

[Event "WCPL:The Vale-Cardigan"]
[Site "?"]
[Date "2016.01.24"]
[Round "4.8"]
[White "Ralphs, Nigel"]
[Black "Jones, Iolo C"]
[Result "1/2-1/2"]
[WhiteElo "1976"]
[BlackElo "2168"]
[PlyCount "112"]
[EventDate "2016.01.24"]
[EventCountry "WLS"]

1. e4 e5 2. Bc4 Nf6 3. d3 c6 4. Nf3 d5 5. Bb3 Bb4+ 6. c3 Bd6 7. Nbd2 O-O 8. O-O
Nbd7 9. Re1 Qc7 10. Nf1 dxe4 11. dxe4 Nc5 12. Bc2 Rd8 13. Qe2 Be7 14. Ng3 g6
15. Bh6 b6 16. h3 Ba6 17. c4 Ne6 18. Red1 c5 19. b3 Bb7 20. Rxd8+ Rxd8 21. Rd1
Rxd1+ 22. Qxd1 Qd6 23. Qxd6 Bxd6 24. Nd2 Nd4 25. Bd3 Nd7 26. f3 f6 27. Be3 Kf7
28. Ne2 Nb8 29. Nc3 Nbc6 30. Nd5 Ke6 31. g4 g5 32. Kf2 Kf7 33. Nb1 Nd8 34. Nbc3
Bc6 35. Ne2 Nxe2 36. Kxe2 Ne6 37. Kf2 Nf4 38. Bf1 Be8 39. Bd2 Bd7 40. Bc3 Ne6
41. Bd3 Be7 42. Ke3 Bd8 43. Kf2 a6 44. Ke3 Nf4 45. Nxf4 exf4+ 46. Kd2 Bc7 47.
a4 h6 48. Kc2 Ke6 49. Be2 Be5 50. Kd2 Be8 51. Bxe5 Kxe5 52. Kc3 h5 53. Bd3 hxg4
54. hxg4 Bd7 55. Be2 Bc6 56. Kd3 Bd7 1/2-1/2

[Event "WCPL:The Vale-Cardigan"]
[Site "?"]
[Date "2016.01.24"]
[Round "4.9"]
[White "Heap, Gerry"]
[Black "Thomas, Ben"]
[Result "0-1"]
[WhiteElo "2084"]
[BlackElo "1956"]
[PlyCount "66"]
[EventDate "2016.01.24"]
[EventCountry "WLS"]

1. c4 c5 2. Nc3 Nf6 3. g3 Nc6 4. Bg2 e6 5. d3 h6 6. h4 a6 7. Nh3 d5 8. cxd5
exd5 9. Nf4 Be6 10. e4 d4 11. Ncd5 Bd6 12. Nxe6 fxe6 13. Nf4 Bxf4 14. Bxf4 e5
15. Bd2 Qe7 16. Qb3 O-O-O 17. Rc1 Kb8 18. Qc4 Nd7 19. f4 Ka7 20. Bh3 b6 21. b4
exf4 22. bxc5 bxc5 23. Bxd7 Ne5 24. Qc2 c4 25. Bh3 Nxd3+ 26. Kf1 Qxe4 27. Bg2
f3 28. Rh2 fxg2+ 29. Rxg2 Qf3+ 30. Kg1 Nxc1 31. Qxc4 Nd3 32. Ba5 Rd7 33. Qe6
Rb7 0-1

[Event "WCPL:The Vale-Cardigan"]
[Site "?"]
[Date "2016.01.24"]
[Round "4.10"]
[White "Taylor, Robert Graham"]
[Black "Van Kemenade, Rudy"]
[Result "1/2-1/2"]
[WhiteElo "2002"]
[BlackElo "1964"]
[PlyCount "112"]
[EventDate "2016.01.24"]
[EventCountry "WLS"]

1. Nf3 f5 2. d4 Nf6 3. g3 g6 4. Bg2 Bg7 5. c4 O-O 6. O-O d6 7. Nc3 c6 8. Qc2
Na6 9. Bd2 Qe8 10. Rae1 Qf7 11. b3 h6 12. e4 Nb4 13. Qb1 Nxe4 14. Nxe4 fxe4 15.
Qxe4 Bf5 16. Qxe7 Nc2 17. Qxf7+ Rxf7 18. Rd1 Bd3 19. Bf4 Bxf1 20. Kxf1 Rd8 21.
Rd2 Nb4 22. h4 Re7 23. Nh2 d5 24. a3 Na6 25. cxd5 cxd5 26. Ng4 Kh7 27. Ne3 Nc7
28. Bxc7 Rxc7 29. Nxd5 Rcd7 30. Nf4 Rxd4 31. Rxd4 Rxd4 32. Bxb7 Be5 33. Ne6 Rd3
34. Nf8+ Kg7 35. Nxg6 Rxb3 36. Be4 Bd4 37. Ne7 Rxa3 38. Nf5+ Kf6 39. Nxd4 Ra4
40. Nc6 Rxe4 41. Nxa7 Ke6 42. Nb5 Rc4 43. Na3 Rc3 44. Nb5 Rc1+ 45. Ke2 Kd5 46.
Kd2 Rf1 47. Nc3+ Kd4 48. Nd1 Ke4 49. Ke2 Rg1 50. Nc3+ Kf5 51. Kf3 Ra1 52. Nd5
h5 53. Nf4 Ra3+ 54. Kg2 Kg4 55. Nd5 Kf5 56. Nf4 Kg4 1/2-1/2

[Event "WCPL:The Vale-Cardigan"]
[Site "?"]
[Date "2016.01.24"]
[Round "4.11"]
[White "Haigh, Tony"]
[Black "Jukes, Sam"]
[Result "1-0"]
[WhiteElo "1813"]
[BlackElo "1665"]
[PlyCount "129"]
[EventDate "2016.01.24"]
[EventCountry "WLS"]

1. d4 d5 2. Nf3 Nf6 3. c4 c6 4. cxd5 cxd5 5. Nc3 g6 6. Bf4 Bg7 7. e3 Bd7 8. Qb3
Bc6 9. Nb5 Qa5+ 10. Qc3 Qxc3+ 11. bxc3 Bxb5 12. Bxb5+ Nbd7 13. Ne5 a6 14. Nxd7
Nxd7 15. Bd3 Rc8 16. Kd2 e5 17. Bg3 O-O 18. Rhb1 Rc7 19. Rb3 Rfc8 20. a4 f6 21.
Rab1 Nf8 22. Rxb7 Rxc3 23. R7b3 exd4 24. exd4 Rxb3 25. Rxb3 Rc6 26. Rc3 Rb6 27.
a5 Rb4 28. Bxa6 Rxd4+ 29. Rd3 Ne6 30. Bc8 Bh6+ 31. f4 Re4 32. Bxe6+ Rxe6 33.
Rxd5 Re4 34. Kd3 Ra4 35. f5 gxf5 36. Rxf5 Kf7 37. Bc7 Bf8 38. Rb5 Ke8 39. Rb8+
Kd7 40. Rxf8 Kxc7 41. Rxf6 Rxa5 42. Rf7+ Kd6 43. Rxh7 Ke6 44. Rg7 Kf6 45. Rg4
Kf5 46. h3 Ra3+ 47. Ke2 Ra2+ 48. Kf3 Ra3+ 49. Kf2 Ra2+ 50. Kg3 Ra3+ 51. Kh4 Ra7
52. Rg5+ Kf4 53. g3+ Kf3 54. Rf5+ Ke4 55. g4 Rh7+ 56. Kg3 Rh8 57. h4 Ra8 58.
Rf4+ Ke5 59. g5 Ra3+ 60. Kg4 Ra1 61. Rf5+ Ke4 62. Rf6 Ke5 63. Rf2 Ke6 64. g6
Ra5 65. g7 1-0

[Event "WCPL:The Vale-Cardigan"]
[Site "?"]
[Date "2016.01.24"]
[Round "4.12"]
[White "Bonutto, Stephen"]
[Black "Van Kemenade, Julie"]
[Result "1/2-1/2"]
[WhiteElo "1379"]
[BlackElo "1738"]
[PlyCount "110"]
[EventDate "2016.01.24"]
[EventCountry "WLS"]

1. d4 d6 2. c4 Nf6 3. Nc3 g6 4. Nf3 Bg7 5. Bg5 Nbd7 6. e3 h6 7. Bxf6 Bxf6 8.
Be2 Bg7 9. O-O O-O 10. Qc2 e5 11. Rad1 c6 12. b3 Qe7 13. Rfe1 Nf6 14. dxe5 dxe5
15. h3 g5 16. Nh2 Ne8 17. Ne4 f5 18. Ng3 Nf6 19. Nxf5 Bxf5 20. Qxf5 e4 21. Qa5
a6 22. Qd2 Rad8 23. Qc2 Qb4 24. Nf1 Rde8 25. Ng3 Re5 26. Qd2 Qxd2 27. Rxd2 Rfe8
28. Red1 Bf8 29. Nh5 Nxh5 30. Bxh5 R8e7 31. Rd6 R5e6 32. Rxe6 Rxe6 33. Rd7 Rf6
34. Rxb7 a5 35. Rd7 Bb4 36. Rd8+ Kg7 37. Re8 Be1 38. Re7+ Kg8 39. f3 exf3 40.
Bxf3 Rd6 41. Kf1 Bb4 42. Rc7 c5 43. Bd5+ Kf8 44. Rc6 Rxc6 45. Bxc6 Ke7 46. Ke2
Kf6 47. g4 Ke5 48. Kd3 Ba3 49. Ke2 Bb4 50. Kf3 Bd2 51. Ke2 Bb4 52. Kd3 Ba3 53.
Ke2 Bb4 54. Kf3 Ba3 55. Kg3 Bb4 1/2-1/2

[Event "WCPL:Cardiff-Abergavenny"]
[Site "?"]
[Date "2016.01.24"]
[Round "4.13"]
[White "Morris, Charles F"]
[Black "Brown, Thomas"]
[Result "1/2-1/2"]
[WhiteElo "2141"]
[BlackElo "2072"]
[PlyCount "74"]
[EventDate "2016.01.24"]
[EventCountry "WLS"]

1. c4 g6 2. g3 c5 3. Bg2 Bg7 4. Nc3 Nc6 5. d3 e6 6. Nf3 Nge7 7. Bg5 h6 8. Bd2
d5 9. Qc1 b6 10. Rb1 Bb7 11. a3 Rc8 12. O-O Qd7 13. b4 cxb4 14. axb4 dxc4 15.
dxc4 Nd4 16. Nxd4 Bxg2 17. Kxg2 Qxd4 18. Nb5 Qd7 19. Rd1 O-O 20. Bxh6 Qc6+ 21.
Kg1 Bxh6 22. Qxh6 Nf5 23. Qf4 Qxc4 24. Nxa7 Qxf4 25. gxf4 Rc4 26. e3 Ra8 27.
Nb5 Ra4 28. Nd6 Rcxb4 29. Nc8 b5 30. Nb6 Rxb1 31. Rxb1 Ra5 32. Nc8 Kf8 33. Kg2
Ra2 34. Kf3 Rc2 35. Na7 Nh4+ 36. Kg3 Nf5+ 37. Kf3 Nh4+ 1/2-1/2